Does it Border or Not? Sudden Death - Statistics

General Stats
  • This quiz has been taken 54 times
  • The average score is 2 of 13
Answers on the Grid
Answers color-coded by a green-red scale on the quiz's grid according to % correct below.
Danube
Black Sea
 
Answer Stats
Answer % Correct
France
76%
Austria
14%
Slovakia
10%
Turkey
10%
Bulgaria
10%
Poland
10%
Latvia
10%
Croatia
5%
Slovenia
5%
Serbia
5%
Russia
5%
Romania
0%
Ukraine
0%
No matching quizzes found
Score Distribution
Percent of People with Each Score
Percentile by Number Answered
Your Score History
You have not taken this quiz